书目信息 |
| 题名: |
现代物流专业英语
|
|
| 作者: | 胡连荣 主编 | |
| 分册: | ||
| 出版信息: | 天津 天津大学出版社 2009.07 |
|
| 页数: | 104页 | |
| 开本: | 26cm | |
| 丛书名: | ||
| 单 册: | ||
| 中图分类: | H31 | |
| 科图分类: | ||
| 主题词: | 物流--wu liu--英语 | |
| 电子资源: | ||
| ISBN: | 978-7-5618-3072-7 | |
| 000 | 00907nam0 2200253 450 | |
| 001 | 012009201983 | |
| 005 | 20091128120050.42 | |
| 010 | @a978-7-5618-3072-7@dCNY18.00 | |
| 100 | @a20091128d2009 em y0chiy0120 ea | |
| 101 | 0 | @achi@aeng |
| 102 | @aCN@b120000 | |
| 105 | @aa z 000yy | |
| 106 | @ar | |
| 200 | 1 | @a现代物流专业英语@Axian dai wu liu zhuan ye ying yu@d= Modern logistics English@f胡连荣主编@Fhu lian rong zhu bian@zeng |
| 210 | @a天津@c天津大学出版社@d2009.07 | |
| 215 | @a104页@c图@d26cm | |
| 300 | @a21世纪高等职业教育创新型精品规划教材 国家级示范性高等职业院校重点建设专业课程规划教材 | |
| 330 | @a本书在选材上力求紧贴物流学科的发展趋势,反映现代物流的最新概念、技术与发展。 | |
| 510 | 1 | @aModern logistics English@zeng |
| 606 | 0 | @a物流@Awu liu@x英语 |
| 690 | @aH31@v4 | |
| 701 | 0 | @a胡连荣@Ahu lian rong@4主编 |
| 801 | 0 | @aCN@bQSSK@c20091128 |
| 905 | @b766560-62@dH31@eH485@f3 | |
| 现代物流专业英语= Modern logistics English/胡连荣主编.-天津:天津大学出版社,2009.07 |
| 104页:图;26cm |
| 21世纪高等职业教育创新型精品规划教材 国家级示范性高等职业院校重点建设专业课程规划教材 |
| ISBN 978-7-5618-3072-7:CNY18.00 |
| 本书在选材上力求紧贴物流学科的发展趋势,反映现代物流的最新概念、技术与发展。 |
| ● |
| 相关链接 |
|
|
|
正题名:现代物流专业英语
索取号:H31/H485
 
预约/预借
| 序号 | 登录号 | 条形码 | 馆藏地/架位号 | 状态 | 备注 |
| 1 | 766560 | 207665604 | 语言库209/209语言库 82排2列1层/ [索取号:H31/H485] | 在馆 | |
| 2 | 766561 | 207665613 | 语言库209/209语言库 82排2列1层/ [索取号:H31/H485] | 在馆 | |
| 3 | 766562 | 207665622 | 语言库209/209语言库 82排2列1层/ [索取号:H31/H485] | 在馆 |